00706nam a22002057a 4500003000400000005001700004008004100021040000900062100002500071245005500096260006200151260001500213300001100228490002500239650005800264650005400322942001300376999001500389952009600404OSt20130524111016.0130509s1998 sp ||||| |||| 00| 0 cat d cCDMR1 93387aLévy, Pierre13aLa ciberculturab: el segon diluvi?cPierre Lévy aBarcelonabEdicions de la Universitat Oberta de Catalunya bProac1998 a205 p.0 aBiblioteca Obertav80493508aTecnologia de la informacióxAspectes socials0492795aMitjans de comunicació de massa i cultura 2udccMON c6209d6209 00104070aCDMRbCDMRd2013-01-16l0oCc 5.1/23pCDMR13056363r2013-05-09w2013-05-09yMON